000 00337nam a2200109 4500
999 _c13474
_d13474
008 190327b ||||| |||| 00| 0 eng d
245 _aChinese scientist claims world's first genetically edited babies.
260 _aPhilippines
_bPhilippine Daily Inquirer
_cc2018
300 _apage A12.
650 0 _937704
_aExplorers.
942 _2ddc
_cPER